000 00903nam a22002057a 4500
005 20241126110125.0
010 _aHIN-128668
020 _c850.00
_a9788189147181
035 _aHN-101014
037 _bDBAD
082 _a230.2
100 _aगर्ग,प्रवीण
_974073
245 _aरामकथा के विविध आयाम /
_cप्रवीण गर्ग और विनीता कुमारी
250 _aप्रथम
260 _aदिल्ली
_bमल्लिका बुक्स
_c2022
270 _a348,मैन रोड, संत नगर , बुरारी
_bदिल्ली
_e110 084
_k27612927
_k9650302773
_mmallikabooks@yahoo.in
300 _a298पृ.
_c22सेमी. (सजिल्द)
700 _972903
_aविनीता कुमारी
942 _2ddc
_cHN
_h230.2
_mगर्गप
999 _c206460
_d206460